00605 2200217 4500001002100000005001700021008004100038035002500079082001200104090001900116100002400135245005800159250001100217260002800228300003700256500001100293650003600304700002000340850001200360990001500372YOGYA-0209000001270520150610133111.0 ind  a0010-020900000012705 a001.642 a001.642bNas T aNASUTION, Amrinsyah aTurbo pascalcoleh Amrinsyah Nasution, Hasan Iskandar aCet. 2 aJakartabErlanggac1990 axii, 423 hlm. :bilus. ;c24 cm. aIndeks aTurbo pascal (Program komputer) aIskandar, Hasan aYOPDYOG a54730-P/94